Partnership and corporation accounting : (Record no. 3927)

MARC details
000 -LEADER
fixed length control field 00694nam a22002177a 4500
003 - CONTROL NUMBER IDENTIFIER
control field OSt
005 - DATE AND TIME OF LATEST TRANSACTION
control field 20250731082209.0
008 - FIXED-LENGTH DATA ELEMENTS--GENERAL INFORMATION
fixed length control field 250731b |||||||| |||| 00| 0 eng d
020 ## - INTERNATIONAL STANDARD BOOK NUMBER
International Standard Book Number 9789710165070
040 ## - CATALOGING SOURCE
Original cataloging agency DWCL-Main lib
Transcribing agency OC
082 ## - DEWEY DECIMAL CLASSIFICATION NUMBER
Classification number Fil. 658.04 B188p 2015
100 ## - MAIN ENTRY--PERSONAL NAME
Personal name Ballada, Win
245 ## - TITLE STATEMENT
Title Partnership and corporation accounting :
Remainder of title made easy/
Statement of responsibility, etc. Win Ballada
250 ## - EDITION STATEMENT
Edition statement 19th edition
260 ## - PUBLICATION, DISTRIBUTION, ETC.
Place of publication, distribution, etc. Sampaloc, Manila :
Name of publisher, distributor, etc. Domdane Publishers,
Date of publication, distribution, etc. c2015.
300 ## - PHYSICAL DESCRIPTION
Extent xxiv, [various pagings] ;
Dimensions 25 cm.
650 ## - SUBJECT ADDED ENTRY--TOPICAL TERM
Topical term or geographic name entry element 1. Accounting.
650 ## - SUBJECT ADDED ENTRY--TOPICAL TERM
Topical term or geographic name entry element 2. Partnership--Philippines.
650 ## - SUBJECT ADDED ENTRY--TOPICAL TERM
Topical term or geographic name entry element 3. Corporations--Accounting.
942 ## - ADDED ENTRY ELEMENTS (KOHA)
Source of classification or shelving scheme Dewey Decimal Classification
Koha item type Book-Filipiniana
Edition 19th edition
Call number prefix Fil.
Suppress in OPAC No
952 ## - LOCATION AND ITEM INFORMATION (KOHA)
--
952 ## - LOCATION AND ITEM INFORMATION (KOHA)
--
952 ## - LOCATION AND ITEM INFORMATION (KOHA)
--
952 ## - LOCATION AND ITEM INFORMATION (KOHA)
--
952 ## - LOCATION AND ITEM INFORMATION (KOHA)
--
Holdings
Withdrawn status Lost status Source of classification or shelving scheme Damaged status Not for loan Home library Current library Shelving location Date acquired Source of acquisition Total Checkouts Full call number Barcode Date last seen Copy number Price effective from Koha item type Uniform Resource Identifier
    Dewey Decimal Classification     College Library College Library Filipiniana 11/25/2015 School Fund   Fil. 658.04 B188p 2015 51238 07/31/2025 c5 07/31/2025 BK - FIL
    Dewey Decimal Classification     College Library College Library Filipiniana 11/25/2015 School Fund   Fil. 658.04 B188p 2015 51237 07/31/2025 c4 07/31/2025 BK - FIL
    Dewey Decimal Classification     College Library College Library Filipiniana 11/25/2015 School Fund   Fil. 658.04 B188p 2015 51236 07/31/2025 c3 07/31/2025 BK - FIL
    Dewey Decimal Classification     College Library College Library Filipiniana 11/25/2015 School Fund   Fil. 658.04 B188p 2015 51235 07/31/2025 c2 07/31/2025 BK - FIL
    Dewey Decimal Classification     College Library College Library Filipiniana 11/25/2015 School Fund   Fil. 658.04 B188p 2015 51234 07/31/2025 c1 07/31/2025 BK - FIL